000 01486cam a2200277 4500
001 ABS68625
008 050125n2005 000 0 eng u
035 _a(Sirsi) u128612
100 _aGriffiths, M.
245 4 _aThe energy timebomb
260 _c2005
490 _aRICS Business
_vJanuary 2005, 20-21(2)
520 _aLooks at the impending imbalance in supply and demand for oil and gas, which could result in a global energy crisis within the next 10 years. Suggests that RICS is ideally placed to stimulate debate on the problem as most energy consumption is related in some way or other to land, buildings and infrastructure and that it should set an agenda for change. Appended is a summary by Stuart Johnson of the provisions of the new EU directive on the energy performance of buildings (Directive 2002/91/EC) which comes into force in January 2006. View the article at www.rics.org.
590 _aABS
590 _aABS
650 _aENERGY CONSUMPTION
650 _aDIRECTIVE 2002/91/EC
650 _aEC DIRECTIVES
650 _aENERGY PERFORMANCE
650 _aBUILT ENVIRONMENT-CONSTRUCTION DESIGN
690 _aENERGY
_96237
700 _aBerry, B.
856 _uhttps://www.rics.org/Environmentalandlandconsultancy/Energy/energy_timebomb170105.html
_zView the article on the RICS website...
856 _uhttps://www.rics.org/Environmentalandlandconsultancy/Energy/energy_timebomb170105.html
_zView the article on the RICS website...
942 _n0
999 _c118488
_d118488